Action Sport Marketing and Its Effect on Generation Y

Bibliográfiai részletek
Szerző: Szerb Mátyás
További közreműködők: Kozák Dr. Ákos
Dokumentumtípus: Diplomadolgozat
Kulcsszavak:Generációs marketing
Sport
marketing
Y generáció
PESO model
Online Access:http://dolgozattar.uni-bge.hu/2865

MARC

LEADER 00000nta a2200000 i 4500
001 dolg2865
005 20180830130626.0
008 160419suuuu hu om 000 eng d
040 |a BGE Dolgozattár Repozitórium  |b hun 
041 |a en 
100 1 |a Szerb Mátyás 
245 1 0 |a Action Sport Marketing and Its Effect on Generation Y  |c Szerb Mátyás  |h [elektronikus dokumentum] 
246 1 1 |a Action Sport Marketing and Its Effect on Generation Y 
695 |a Generációs marketing 
695 |a Sport 
695 |a marketing 
695 |a Y generáció 
695 |a PESO model 
700 1 |a Kozák Dr. Ákos  |e ths 
856 4 0 |u http://dolgozattar.uni-bge.hu/2865/1/Szerb%20M%C3%A1ty%C3%A1s%20szakdolgozat%202015.pdf  |z Dokumentum-elérés